[Event "Khanty-Mansiysk FIDE GP (Women)"]
[Site "Khanty-Mansiysk"]
[Date "2014.04.12"]
[Round "4"]
[White "Muminova, Nafisa"]
[Black "Muzychuk, Anna"]
[Result "0-1"]
[WhiteElo "2321"]
[BlackElo "2560"]
[Annotator "ChessBase Website"]
[PlyCount "190"]
[EventDate "2014.04.09"]
[EventType "tourn"]
[EventRounds "11"]
[EventCountry "RUS"]
[EventCategory "10"]
[SourceTitle "CBM 160"]
[Source "ChessBase"]
[SourceDate "2014.05.15"]
[SourceVersion "1"]
[SourceVersionDate "2014.05.15"]
[SourceQuality "1"]
[TimeControl "40/5400+30:1800+30"]
[WhiteClock "1:30:00"]
[BlackClock "1:30:00"]

1. e4 {[%emt 0:00:00]} c5 {[%emt 0:00:00]} 2. Nf3 {[%emt 0:00:00]} Nc6 {
[%emt 0:00:00]} 3. Bb5 {[%emt 0:00:00]} g6 {[%emt 0:00:00]} 4. c3 {[%emt 0:00:
43]} Nf6 {[%emt 0:06:04]} 5. e5 {[%emt 0:00:18]} Nd5 {[%emt 0:00:16]} 6. O-O {
[%emt 0:01:01]} Bg7 {[%emt 0:02:55]} 7. d4 {[%emt 0:02:21]} Nc7 {[%emt 0:13:22]
} (7... cxd4 8. cxd4 O-O 9. Nc3 Nxc3 10. bxc3 d6 11. exd6 exd6 12. a4 Na5 13.
Re1 a6 14. Bf1 Be6 15. Ng5 Bd5 16. Ne4 Re8 17. Bg5 Qd7 18. Nf6+ Bxf6 19. Bxf6
Rxe1 20. Qxe1 Re8 21. Qd2 Qf5 22. Qg5 Qxg5 23. Bxg5 Bc4 24. Rb1 Ba2 25. Ra1 Bc4
26. Rb1 d5 27. f3 Bxf1 28. Kxf1 Kg7 29. Bf4 Re7 30. g4 f6 31. h4 Nc4 32. Kf2 h6
33. g5 fxg5 34. hxg5 h5 35. Be5+ Kf7 36. Bf6 Rd7 37. Kg3 {Zvjaginsev,V (2635)
-Bacrot,E (2721) Mainz 2009 1/2-1/2}) 8. Bd3 $146 {[%emt 0:15:07]} (8. Na3 Nxb5
9. Nxb5 a6 10. Na3 cxd4 11. cxd4 O-O 12. Re1 d6 13. exd6 exd6 14. Bg5 f6 15.
Bd2 d5 16. Qb3 Rf7 17. Nc2 Bf8 18. Rac1 Bf5 19. Nb4 Bxb4 20. Bxb4 Qb6 21. Bc5
Qxb3 22. axb3 Na5 23. Nd2 Nc6 24. Nf3 Na5 25. Nd2 Nc6 {1/2-1/2 (25) Nikolenko,
O (2533)-Maletin,P (2576) Ulan Ude 2009}) 8... cxd4 {[%emt 0:04:37]} 9. cxd4 {
[%emt 0:00:14]} d6 {[%emt 0:00:22]} 10. Bf4 {[%emt 0:13:55]} dxe5 {[%emt 0:13:
02]} 11. dxe5 {[%emt 0:04:48]} Bg4 {[%emt 0:03:19]} 12. Re1 {[%emt 0:01:12]}
Nd5 {[%emt 0:11:44]} 13. Bg3 {[%emt 0:07:51]} Ndb4 {[%emt 0:00:52]} 14. Be2 {
[%emt 0:19:49]} Qxd1 {[%emt 0:03:51]} 15. Bxd1 {[%emt 0:00:10]} Bxf3 {[%emt 0:
00:34]} 16. gxf3 {[%emt 0:03:26]} Nd3 {[%emt 0:00:27]} 17. Re3 {[%emt 0:01:06]}
Ndxe5 {[%emt 0:06:50]} 18. Na3 {[%emt 0:01:41]} Rd8 {[%emt 0:07:07]} 19. Ba4 {
[%emt 0:05:22] Something went awfully wrong in Muminova's preparation as she
found herself down a pawn with no compensation before move 20. However
Muzychuk's technique was spot on and Muminova obtained a drawn endgame.
However she was unable to hold a theoretically drawn f and h pawn rook endgame,
and missed a great opportunity to add half a point to her score. Muzychuk on
the other hand is now Hou Yifan's closest suitor.} O-O {[%emt 0:01:48]} 20. Rb1
{[%emt 0:02:44]} Rd4 {[%emt 0:03:16]} 21. b4 {[%emt 0:04:02]} a6 {[%emt 0:05:
22]} 22. Nc2 {[%emt 0:00:22]} Rd2 {[%emt 0:04:39]} 23. b5 {[%emt 0:02:06]} axb5
{[%emt 0:01:38]} 24. Rxb5 {[%emt 0:00:38]} Nc4 {[%emt 0:06:18]} 25. Re4 {
[%emt 0:02:51]} N4a5 {[%emt 0:00:44]} 26. Bc7 {[%emt 0:01:23]} Ra8 {[%emt 0:00:
12]} 27. Bxa5 {[%emt 0:02:32]} Nxa5 {[%emt 0:01:39]} 28. Rxe7 {[%emt 0:00:19]}
Nc6 {[%emt 0:00:38]} 29. Re4 {[%emt 0:00:19]} Bd4 {[%emt 0:01:40]} 30. Bb3 {
[%emt 0:01:26]} Bxf2+ {[%emt 0:00:24]} 31. Kf1 {[%emt 0:00:13]} Na5 {[%emt 0:
00:35]} 32. Re2 {[%emt 0:06:32]} Rxe2 {[%emt 0:00:15]} 33. Kxe2 {[%emt 0:00:06]
} Bg1 {[%emt 0:00:23]} 34. h3 {[%emt 0:00:16]} Nxb3 {[%emt 0:01:06]} 35. axb3 {
[%emt 0:00:22]} Rc8 {[%emt 0:00:37]} 36. Kf1 {[%emt 0:00:41]} Rxc2 {[%emt 0:00:
41]} 37. Kxg1 {[%emt 0:00:05]} Rc7 {[%emt 0:00:03]} 38. h4 {[%emt 0:01:08]} h5
{[%emt 0:00:24]} 39. f4 {[%emt 0:00:18]} Rd7 {[%emt 0:01:06]} 40. Kf2 {[%emt 0:
00:00]} Kg7 {[%emt 0:00:00]} 41. Rb6 {[%emt 0:02:49]} Kf8 {[%emt 0:05:56]} 42.
Kf3 {[%emt 0:02:20]} Rd3+ {[%emt 0:00:34]} 43. Kg2 {[%emt 0:05:30]} Ke7 {
[%emt 0:00:23]} 44. Rxb7+ {[%emt 0:00:13]} Ke6 {[%emt 0:00:05]} 45. Rb5 {
[%emt 0:04:29]} f6 {[%emt 0:00:51]} 46. b4 {[%emt 0:01:34]} Rb3 {[%emt 0:00:46]
} 47. f5+ {[%emt 0:03:04]} gxf5 {[%emt 0:00:06]} 48. Kh2 {[%emt 0:00:18]} Rd3 {
[%emt 0:01:29]} 49. Kg2 {[%emt 0:00:45]} Rd4 {[%emt 0:01:25]} 50. Kg3 {[%emt 0:
03:48]} Rc4 {[%emt 0:01:16]} 51. Rb8 {[%emt 0:05:32]} Rg4+ {[%emt 0:01:08]} 52.
Kf3 {[%emt 0:00:06]} Rxh4 {[%emt 0:01:11]} 53. Re8+ {[%emt 0:03:55]} Kf7 {
[%emt 0:00:09]} 54. Rb8 {[%emt 0:00:05]} Rc4 {[%emt 0:00:55]} 55. b5 {[%emt 0:
00:25]} Rb4 {[%emt 0:02:00]} 56. b6 {[%emt 0:00:24]} f4 {[%emt 0:01:02]} 57.
Rh8 {[%emt 0:02:39]} Kg6 {[%emt 0:00:28]} 58. b7 {[%emt 0:00:37]} Rxb7 {
[%emt 0:00:26]} 59. Kxf4 {[%emt 0:00:06]} Rb4+ {[%emt 0:04:06]} 60. Kg3 {
[%emt 0:00:45]} Kg5 {[%emt 0:00:14]} 61. Rg8+ {[%emt 0:00:54]} Kf5 {[%emt 0:00:
08]} 62. Ra8 {[%emt 0:00:27]} h4+ {[%emt 0:04:31]} 63. Kf3 {[%emt 0:00:49]}
Rb3+ {[%emt 0:00:15]} 64. Kf2 {[%emt 0:00:28]} Kg4 {[%emt 0:01:27]} 65. Ra4+ {
[%emt 0:00:49]} Kg5 {[%emt 0:00:02]} 66. Rc4 {[%emt 0:00:47]} f5 {[%emt 0:00:
46]} 67. Ra4 {[%emt 0:00:20]} Rg3 {[%emt 0:04:42]} 68. Ra8 {[%emt 0:00:46]} Rb3
{[%emt 0:03:56]} 69. Ra4 {[%emt 0:00:08]} Rg3 {[%emt 0:02:37]} 70. Ra8 {
[%emt 0:00:02]} Kg4 {[%emt 0:00:10]} 71. Rg8+ {[%emt 0:01:03]} Kf4 {[%emt 0:00:
06]} 72. Rh8 {[%emt 0:00:50]} Rf3+ {[%emt 0:00:11]} 73. Ke2 {[%emt 0:00:09]}
Rh3 {[%emt 0:00:21]} 74. Kf2 {[%emt 0:00:47]} Rh2+ {[%emt 0:00:23]} 75. Kg1 {
[%emt 0:01:15]} Kg3 {[%emt 0:00:01]} 76. Rg8+ {[%emt 0:00:08]} Kh3 {[%emt 0:00:
05]} 77. Rg5 {[%emt 0:00:56]} f4 {[%emt 0:00:16]} 78. Kf1 {[%emt 0:00:24]} Ra2
{[%emt 0:03:27]} 79. Kg1 {[%emt 0:00:45]} f3 {[%emt 0:00:43]} 80. Kf1 {[%emt 0:
00:29]} Kh2 {[%emt 0:00:27]} 81. Rg4 {[%emt 0:00:31]} h3 {[%emt 0:00:27]} 82.
Rg8 {[%emt 0:00:22]} Rg2 {[%emt 0:00:19]} 83. Rf8 {[%emt 0:00:26]} Kg3 {
[%emt 0:00:04]} 84. Rg8+ {[%emt 0:00:13]} Kf4 {[%emt 0:00:15]} 85. Rf8+ {
[%emt 0:00:14]} Ke4 {[%emt 0:00:18]} 86. Re8+ {[%emt 0:00:33]} Kd5 {[%emt 0:00:
19]} 87. Rd8+ {[%emt 0:00:08]} Ke6 {[%emt 0:00:37]} 88. Re8+ {[%emt 0:00:12]}
Kd7 {[%emt 0:00:14]} 89. Rh8 {[%emt 0:01:05]} h2 {[%emt 0:00:15]} 90. Rh7+ {
[%emt 0:00:32]} Ke6 {[%emt 0:00:06]} 91. Rh6+ {[%emt 0:00:06]} Ke5 {[%emt 0:00:
28]} 92. Rh5+ {[%emt 0:00:07]} Ke4 {[%emt 0:00:21]} 93. Rh8 {[%emt 0:00:34]}
Rg1+ {[%emt 0:01:08]} 94. Kf2 {[%emt 0:00:02]} h1=Q {[%emt 0:01:47]} 95. Re8+ {
[%emt 0:00:35]} Kd5 0-1

[Event "Olympiad-36"]
[Site "Mallorca"]
[Date "2004.10.16"]
[Round "2"]
[White "Campora, Daniel Hugo"]
[Black "Cifuentes Parada, Roberto"]
[Result "1-0"]
[WhiteElo "2549"]
[BlackElo "2540"]
[Annotator "Cifuentes Parada,L"]
[PlyCount "53"]
[EventDate "2004.10.15"]
[EventType "team-swiss"]
[EventRounds "14"]
[EventCountry "ESP"]
[SourceTitle "CBM 104"]
[Source "ChessBase"]
[SourceDate "2005.01.27"]
[SourceVersion "1"]
[SourceVersionDate "2005.01.27"]
[SourceQuality "1"]
[WhiteTeam "Argentina"]
[BlackTeam "Spain"]
[WhiteTeamCountry "ARG"]
[BlackTeamCountry "ESP"]

1. e4 c5 2. Nf3 Nc6 3. Bb5 g6 4. O-O Bg7 5. c3 Nf6 6. Re1 O-O 7. d4 (7. h3)
7... cxd4 (7... d5 $142 8. e5 (8. exd5 $6 Qxd5 9. c4 (9. dxc5 Qxc5 10. Bxc6 $6
Qxc6 $1 11. Rxe7 Be6 12. Nd4 Qd6 13. Rxb7 Ng4 14. g3 Rfd8 15. Bg5 (15. Bf4 Qd5
16. Rc7 g5 17. Be3 Nxe3 18. fxe3 Qe4 $19) 15... Bxd4 $1 16. Qxd4 (16. cxd4 Qd5
$1) 16... Qf8 $1 17. Bxd8 (17. Qa4 Qc5 $1) 17... Rxd8 18. Qf4 Rd1+ 19. Kg2 Bd5+
20. f3 Bxb7 21. Qxg4 Qc5 $19) (9. Bxc6 Qxc6 10. Rxe7 Bg4 11. dxc5 Rad8 12. Nbd2
Nd5 13. Re1 Nf4 $36) 9... Qd6 10. d5 (10. dxc5 Qxd1 11. Rxd1 Ne4 12. Bxc6 bxc6
13. Na3 Bg4 14. Nc2 Nxc5 15. Ncd4 Rfc8 $10 {Torre-Kotronias/Manila ol/1992/})
10... Nd4 $1 11. Nxd4 cxd4 12. Nd2 (12. Qxd4 $2 Ng4 13. Qf4 Qxf4 14. Bxf4 Bxb2)
12... a6 13. Ba4 b5 14. Bb3 Bb7 $36) 8... Ne4 9. Bxc6 bxc6 10. Nbd2 cxd4 11.
cxd4 c5 $1 $10 12. dxc5 Nxc5 13. Nb3 Nxb3 14. Qxb3 d4 15. Qb4 d3 16. Bg5 Re8
17. Rad1 h6 18. Bh4 a5 19. Qb3 Bf5 20. Bg3 Rb8 21. Qa3 e6 22. Nh4 Bf8 23. Qa4
Rb4 24. Qc6 Bg4 25. f3 Bh5 26. Bf2 Rxb2 27. Re4 Qc8 28. Qxc8 Rxc8 29. g4 g5 30.
gxh5 gxh4 31. Rxd3 Rc1+ 32. Re1 Rcc2 33. Bd4 Rxa2 34. h3 Rg2+ 35. Kf1 Rh2 36.
Rc1 Rxh3 37. Rc8 Kg7 38. Bg1 Be7 39. Rc7 Bg5 40. Rb7 Bf4 41. Rb5 Rh1 42. Rb7
Ra1+ 43. Kf2 Rhxg1 44. Rdd7 Bg3+ 45. Ke2 Rge1+ {0-1 McShane,L-Van Wely,L/4th
IECC, Istanbul TUR 2003}) 8. cxd4 (8. Nxd4 a6 9. Bf1 e5 $11) 8... d5 9. e5 Ne4
(9... Ne8 10. h3 Nc7 11. Bxc6 $1 bxc6 12. Nc3 Ne6 13. Ng5 $1 Nxg5 14. Bxg5 f6
15. Bf4 $14) 10. Nc3 (10. h3 f6 11. exf6 exf6 $1 12. Nc3 Re8 13. Bf4 g5 $1 14.
Bh2 g4 15. hxg4 Bxg4 $13) 10... Nxc3 (10... Bf5 11. Nh4) 11. bxc3 Bg4 (11...
Qa5 12. a4 $1 Bg4 (12... Qxc3 $2 13. Bd2 Qb2 14. Rb1 Qa2 15. Qc1 $1 $18) 13.
Re3 Rfc8 14. h3 Bxf3 15. Rxf3 a6 16. Bf1 b5 17. Bd2 bxa4 18. Rxa4 Qb6 19. h4
$14) 12. Bxc6 $5 (12. h3 $143 Bxf3 13. Qxf3 Rc8 $11) 12... bxc6 13. h3 (13. Ba3
$5 Qc7 (13... f6 14. e6) 14. h3 Bxf3 15. Qxf3 Rfc8 16. e6 $1 f5 17. Rab1 Rab8
18. Rb3 $14 Rxb3 19. axb3 Rb8 20. Rb1 a5 21. Rb2 Rd8 22. Bc5 Rb8 23. g3 Rf8 24.
Kg2 Rb8 25. Qe2 Qb7 26. g4 fxg4 27. hxg4 Qc7 28. Qe3 Rf8 29. Ra2 Kh8 30. f3 h6
31. b4 Ra8 32. bxa5 Rxa5 33. Rxa5 Qxa5 34. Bxe7 Qa2+ 35. Kg3 Qb1 36. Bd6 {
1-0 Karpov,A-Luciani,J/Bastia simul 1998}) 13... Bxf3 (13... Bf5 14. Ba3 Qc7
15. Nd2 Bh6 16. Nb3 Rfe8 17. Nc5 Bc8 18. Rb1 Rb8 19. Qa4 Rxb1 20. Rxb1 f6 21.
e6 a5 22. c4 Rd8 23. Qb3 Bf4 24. Re1 Bh2+ 25. Kh1 Bd6 26. cxd5 Bxc5 27. Bxc5
Rxd5 28. Qa3 Qf4 29. Kg1 Qd2 30. Qe3 Qxa2 31. Bxe7 Qc4 32. Bxf6 Kf8 33. Qh6+
Ke8 34. Qxh7 {1-0 Nowik,V-Tuschinske,M/Germany 1995/GER}) 14. Qxf3 Qa5 15. Bg5
(15. a4 Rfb8 16. e6 f5 17. Bg5 Rb3 18. Re3 Qc7 19. Bf4 Qb7 20. Kh2 h6 21. h4
Rf8 22. Qg3 Kh7 23. Rf3 Rb1 24. Rxb1 Qxb1 25. a5 Qb5 26. h5 g5 27. Bxg5 hxg5
28. Qxg5 f4 29. Qxe7 Rf6 30. Qd7 Qe2 31. e7 Re6 32. e8=Q Rxe8 33. h6 Kxh6 34.
Qf5 Qxf3 35. gxf3 Rf8 36. Qd7 c5 37. dxc5 Bxc3 38. c6 Bxa5 39. Qxa7 Bd8 40. Qd7
Kg6 41. Qd6+ Kg7 42. c7 Bxc7 43. Qxc7+ Rf7 44. Qe5+ Kg6 45. Qxd5 Rh7+ 46. Kg2
Rh5 47. Qe6+ {1-0 Braeunlin,H-Filipovic,B/Bern 1990/TD}) 15... f6 16. exf6 exf6
17. Bf4 Rfe8 18. Re3 Qd8 $2 (18... Kf7 19. Rae1 Qxa2 20. Bd6 $1 a5 21. Rxe8
Rxe8 22. Rxe8 Qb1+ 23. Kh2 Kxe8 24. Qe2+ Qe4 25. Qa6 $16) (18... f5 $142 $1 19.
Be5 (19. Rae1 Re4) 19... Bxe5 20. dxe5 Re6 21. a4 Rb8 $13) 19. Rae1 Qd7 20. Qe2
$1 Rxe3 21. Qxe3 Kf7 (21... Bf8 $2 22. Qe6+) 22. Qd3 $1 {'/\Qa6, xPa7'} h5 (
22... Re8 23. Rxe8 Qxe8 24. Qa6 Qe1+ 25. Kh2 g5 26. Qxa7+ Kg6 27. Be3 Qxc3 28.
Qe7 h6 29. g4 $16) 23. Qa6 $1 g5 $2 (23... Kg8 $8 24. Rb1 $1 Qf5 25. Qb7 Re8
26. Be3 Re7 27. Qb8+ Kh7 28. Rb7 Rxb7 29. Qxb7 Qc2 30. Qxa7 Qxc3 31. a4 f5 (
31... g5 32. g3) 32. g3 h4 33. gxh4 f4 34. Bxf4 Qxd4 35. Qxd4 Bxd4 36. a5 $18)
24. Rb1 $1 $18 Qe8 (24... Qc8 25. Qxc8 Rxc8 26. Rb7+ Kg6 27. Bd6) (24... Qf5
25. Qb7+ Kg6 26. Bb8 Qd3 27. Rb3 $1) 25. Bb8 $1 Kg6 26. Qb7 Qe4 27. Rc1 1-0

[Event "Lisbon Masters"]
[Site "Lisbon"]
[Date "1996.??.??"]
[Round "2"]
[White "Damaso, Rui"]
[Black "Frois, Antonio"]
[Result "1/2-1/2"]
[WhiteElo "2415"]
[BlackElo "2380"]
[Annotator "Costa,L"]
[PlyCount "44"]
[EventDate "1996.??.??"]
[EventType "tourn"]
[EventRounds "9"]
[EventCountry "POR"]
[EventCategory "4"]
[SourceTitle "CBM 051 Extra"]
[Source "ChessBase"]
[SourceDate "1996.05.01"]
[SourceVersion "1"]
[SourceVersionDate "1996.05.01"]
[SourceQuality "1"]

1. e4 c5 2. Nf3 Nc6 3. Bb5 g6 4. O-O Bg7 5. Re1 Nf6 6. e5 Nd5 7. Nc3 Nc7 8.
Bxc6 dxc6 9. Ne4 Ne6 10. d3 O-O 11. Be3 b6 12. Qd2 Nd4 13. Nxd4 cxd4 14. Bh6 $5
c5 {[#]} 15. h4 $146 (15. Qg5 Bb7 (15... f6 16. exf6 exf6 17. Qh4 Bb7 18. Bxg7
Kxg7 19. Qg3 Bxe4 20. Rxe4 Qd7 21. Rae1 {1/2-1/2 Marinovic,Bozidar-Paunovic,
Dragan/Cetinje tt (07) 1990}) 16. Qh4 Bxh6 17. Qxh6 Qd5 18. f3 f6 19. exf6 exf6
20. Re2 Qd7 21. Rae1 Bxe4 22. Rxe4 Rae8 23. Qf4 Rxe4 24. Qxe4 Kf7 25. Qh4 Kg7
26. Qe4 Qa4 27. c3 Qxa2 28. cxd4 Qxb2 29. dxc5 bxc5 30. Qe7+ Rf7 31. Qxc5 Qd2
32. Qe3 Qxe3+ 33. Rxe3 Rd7 34. d4 Kf7 35. Ra3 Ke6 36. Ra5 {1/2-1/2 Webb,
Laurence-Iskusnikh,S/Vladivostok (09) 1995}) 15... Bb7 16. h5 Qd5 17. Bxg7 Kxg7
18. Qf4 Rae8 19. f3 Qe6 20. Nf6 Rd8 21. Qh4 h6 22. Ng4 g5 $17 1/2-1/2

[Event "RUS-ch"]
[Site "Elista"]
[Date "1995.??.??"]
[Round "10"]
[White "Rublevsky, Sergei"]
[Black "Sher, Miron Naumovich"]
[Result "1-0"]
[WhiteElo "2595"]
[BlackElo "2510"]
[Annotator "Dolmatov,S"]
[PlyCount "91"]
[EventDate "1995.10.??"]
[EventType "swiss"]
[EventRounds "11"]
[EventCountry "RUS"]
[SourceTitle "CBM 050"]
[Source "ChessBase"]
[SourceDate "1996.02.01"]
[SourceVersion "1"]
[SourceVersionDate "1996.02.01"]
[SourceQuality "1"]

1. e4 {Hecht} c5 2. Nf3 Nc6 3. Bb5 g6 4. O-O Bg7 5. Bxc6 dxc6 6. h3 Nf6 (6...
e5 7. d3 f6) 7. d3 O-O 8. a3 b6 9. Nbd2 Ne8 10. Rb1 Nc7 11. b4 $6 (11. Nc4 $5
Nb5 12. Be3 Nd4 13. Ne1 e5 14. b4 $14) 11... Nb5 12. Bb2 cxb4 (12... Nc3 $6 13.
Bxc3 Bxc3 14. bxc5 bxc5 15. Rb3 Bg7 16. Nc4 Be6 17. Nfd2 $14) 13. Bxg7 (13.
axb4 Nc3 14. Bxc3 Bxc3 $15) 13... Kxg7 14. Rxb4 f6 15. Qa1 $6 (15. e5 $5 a5 (
15... fxe5 $2 16. Qa1) (15... Nxa3 $6 16. c4 Qxd3 17. Rb3 $18) 16. Rh4 $132 (
16. Rc4 Be6 17. Rxc6 Bd5)) 15... e5 16. Rd1 Qe8 {/\c5} (16... a5 $6 17. Rbb1
Nd4 18. Nxd4 exd4 19. Qb2 Rb8 20. Nb3 $16) 17. a4 Nc7 18. d4 c5 (18... exd4 19.
Rxd4 Be6 $10 (19... Ne6 20. Rd6 Nc5 21. e5 $40)) 19. dxc5 Na6 20. Rbb1 Nxc5 21.
a5 $10 Ba6 (21... Qc6 $5) (21... Bb7 $5 22. Rb4 Qc6 23. Rdb1) 22. Qc3 Qe6 23.
Qb4 Rab8 (23... Be2 24. Re1 Bxf3 25. Nxf3 Rab8 $10) 24. Nb3 Be2 $2 (24... Nxb3
$10) 25. Nxc5 bxc5 26. Qxc5 Rbc8 (26... Bxd1 $2 27. Rxb8 Rxb8 28. Qxa7+ Kh6 29.
Qxb8 Bxf3 30. gxf3 $16) (26... Rxb1 27. Rxb1 Bxf3 28. Rb7+ Rf7 29. Rxf7+ Qxf7
30. gxf3 $16) 27. Qd5 (27. Qxa7+ $2 Rf7) 27... Qxd5 28. Rxd5 Bxf3 29. Rd7+ Rf7
(29... Kh6 30. gxf3 Kg5 31. Rxh7 Rxc2 32. Kg2 $16) 30. Rxf7+ Kxf7 31. Rb7+ Ke6
32. gxf3 {Hecht: T - T Motive: seitliche Deckung des w a-Freibauer;
unbeweglicher sK; Aktivierung des wK gewinnt; 33...Txc2!? (Analyse)} h5 (32...
Rxc2 33. Rxh7 a6 34. Ra7 $16) 33. Rxa7 g5 (33... Rxc2 $5 {Hecht:Analyse!}) 34.
a6 $18 h4 (34... Rxc2 $2 35. Ra8 Rc1+ 36. Kg2 Ra1 37. a7 $18) 35. Rh7 Rxc2 36.
Kf1 Ra2 37. a7 Kd6 38. Ke1 Ke6 39. Kd1 Kd6 40. Kc1 Kc5 41. Kb1 Ra6 42. Kc2 Kb6
43. Kd3 Kc5 44. Rf7 Ra2 45. Rxf6 Ra3+ 46. Ke2 1-0

[Event "Gibraltar Masters 17th"]
[Site "Caleta"]
[Date "2019.01.22"]
[Round "1"]
[White "Taylor, Adam C"]
[Black "Edouard, Romain"]
[Result "0-1"]
[WhiteElo "2356"]
[BlackElo "2643"]
[Annotator "Edouard,R"]
[PlyCount "102"]
[EventDate "2019.01.22"]
[EventType "swiss"]
[EventRounds "10"]
[EventCountry "GGB"]
[SourceTitle "CBM 188 Extra"]
[Source "ChessBase"]
[SourceDate "2019.02.26"]
[SourceVersion "1"]
[SourceVersionDate "2019.02.26"]
[SourceQuality "1"]

1. e4 c5 2. Nf3 Nc6 3. Bb5 g6 4. Bxc6 dxc6 5. O-O Bg7 6. Re1 {Not a very
dangerous move. Indeed the rook isn't necessarily better placed on e1, so
there is no reason not to sart with 6.d3.} e5 {As though this was an
interesting reaction, since White often ends up playing f2-f4 in these
positions. Then he may regret the move Re1.} (6... Nf6 {is definitely fine,
but more of an equalizer:} 7. d3 O-O 8. Nc3 (8. Bd2 Ne8 9. Bc3 f6 10. a3 a5 11.
Nbd2 (11. e5 Nc7 $13) 11... Nc7 12. Nc4 Nb5 $13 {½-½ (19) Baklan,V (2594)
-Cornette,M (2593) Chartres 2017}) 8... Ne8 $5 (8... Re8 $5 9. Bf4 b6 10. Qd2
Nh5 11. Bh6 e5 $11 {0-1 (60) Atabayew,S (2434)-Potapov,P (2516) Moscow RUS 2019
}) 9. Be3 b6 {followed by ...Nc7, and Black doesn't seem to have problems.}) 7.
d3 h6 $6 {Going for some fanciful plan, but the whole idea doesn't make sense.
Here ...Qc7 or ...Qe7 in orer to play ...Nf6 should be fine for Black,
although 6...Nf6 was the clearest way to equalize.} (7... Qe7 8. Nbd2 (8. h3
Nf6 9. Be3 Nd7 10. Qc1 Nf8 11. Bh6 f6 $11 {½-½ (63) Wang,Y (2442)-Zvjaginsev,
V (2677) China 2016}) 8... Nf6 (8... f6 $5 {/\...Nh6}) 9. Nc4 Nd7 10. a4 O-O
11. a5 Rd8 12. Bd2 Nf8 13. Rb1 Qc7 14. b4 Be6 15. Ne3 cxb4 16. Rxb4 b5 $36 {
0-1 (84) Pridorozhni,A (2565)-Frolyanov,D (2563) Khanty-Mansiysk 2017}) (7...
Qc7 $5 8. Be3 b6 9. a3 Nf6 10. h3 O-O 11. Nbd2 a5 12. b4 cxb4 13. axb4 a4 14.
Nc4 Nd7 15. Qd2 Ba6 $13 {½-½ (21) Balogh,C (2632)-Azarov,S (2552) Czech
Republic 2017}) 8. a3 $1 a5 9. Be3 b6 10. Nbd2 {Black's position is already
very dubious.} a4 (10... Be6 11. b4 cxb4 12. axb4 a4 13. Nc4 (13. c4 $5) 13...
Bxc4 14. dxc4 Qxd1 15. Raxd1 $14 {1-0 (45) Adams,M (2701)-Gukesh,D (2497)
Gibraltar 2019}) 11. b4 $1 Ne7 (11... axb3 12. Nxb3 $16 {/\a4, a5}) (11... cxb4
{was my initial idea but it's a disaster for Black after} 12. Nc4 (12. Qb1 $5)
12... b5 13. Ncxe5 Ne7 14. Bc5 $16) 12. bxc5 (12. Nc4 $6 {allows} b5 13. Ncxe5
f6 14. Nxg6 Nxg6 15. Bxc5 {which might also looks good for White, but is at
least sort of unclear.}) 12... b5 13. Nf1 Bg4 14. h3 Bxf3 15. Qxf3 O-O 16. Qe2
f5 17. f3 {Obviously, Black has no compensation.} g5 18. c3 f4 19. Bf2 Ra7 20.
Rad1 Rd7 21. Qa2+ Kh8 22. Re2 {An interesting idea, but unnecessary.} (22. d4 {
would be the simple way, if} exd4 23. cxd4 Bxd4 $4 {then} 24. Bxd4+ Rxd4 25.
Qb2 $18) 22... h5 (22... Rxd3 {should be played. After} 23. Rxd3 (23. Red2 Rxd2
24. Rxd2 Qe8 $132) 23... Qxd3 24. Rd2 Qxc3 25. Qe6 Bf6 26. Rd7 {I was afraid
thing would go very wrong, but it looks like after} b4 (26... Qxa3 $5 27. Rxe7
Qb3 $1 {is also playable}) 27. axb4 a3 {Black's got reasonable practical
chances.}) 23. Nh2 $2 {Being afraid of ghosts - fortunately for me!} ({White
should not be afraid of ...g4 and should play} 23. d4 $1 {or even 23.Red2.})
23... Rxd3 24. Red2 (24. Rxd3 $2 Qxd3 25. Rd2 Qxc3 {would no longer be the
same story:} 26. Rd7 Qb3 $1 $17) 24... Rxd2 25. Rxd2 Qe8 $1 26. Qe6 Nc8 {
Finally solving problems.} 27. Qxe8 Rxe8 28. Rd7 Kg8 29. Kf1 Bf6 (29... Kf8 {
with the idea ...Re7= would be objectively the right thing to do.}) 30. Ke2 Rd8
31. Rc7 Ne7 32. Nf1 Kf7 33. Nd2 Ke6 34. Rb7 $1 {Avoiding ...Rd7, after which
only Black could be better.} Rg8 35. c4 bxc4 36. Nxc4 g4 37. hxg4 hxg4 38. Rb1
$2 (38. fxg4 Rxg4 39. Kf3 {and only White can be better.}) 38... g3 39. Be1 $6
(39. Bg1 {is the easiest to draw, but of course it's not easy to trap your own
bishop on move 39!}) 39... Rh8 40. Bb4 $2 (40. Rb2 $1 Rh2 41. Kd3 Ng6 42. Rb6 {
ia a draw according to the engine.}) 40... Rh2 {Now White's position is lost.
He can't avoid ...Ng6-h4-f3 and his position collapses.} 41. Rg1 Ng6 42. Kf1
Nh4 43. Nb6 (43. Nd2 Be7 $1 {is a nice zugzwang!}) 43... Nxf3 $1 44. gxf3 Rf2+
45. Ke1 Bh4 $1 46. Kd1 Rxf3 47. Nc4 Rf2 48. Be1 Ra2 49. Kc1 Re2 50. Nd2 Re3 51.
Kb2 Be7 0-1